| 000 | 00508 a2200169 4500 | ||
|---|---|---|---|
| 005 | 20250629115313.0 | ||
| 020 | _a0-07-059022-2 | ||
| 082 | _a658. 8 ETZ | ||
| 100 | _aETZEL, M. J. | ||
| 245 | _aMarketing | ||
| 250 | _a13th Ed. | ||
| 260 |
_aNew York, _bTata McGraw-Hill, _c2004. |
||
| 300 |
_axxi, 650p.: ill.; figure, picture, table. _bGlossary, index, references. _c28cm. |
||
| 700 | _aWALKER, B. J. & STANTON, W. J. | ||
| 856 |
_yAccess online book _fMarketing _dwww.tatamcgrawhill.com |
||
| 942 |
_2ddc _cBKS |
||
| 999 |
_c2651 _d2651 |
||